<?xml version="1.0" encoding="UTF-8"?>
<record
    xmlns:xsi="http://www.w3.org/2001/XMLSchema-instance"
    xsi:schemaLocation="http://www.loc.gov/MARC21/slim http://www.loc.gov/standards/marcxml/schema/MARC21slim.xsd"
    xmlns="http://www.loc.gov/MARC21/slim">

  <leader>01176aaa a2200217   4500</leader>
  <controlfield tag="001">78712</controlfield>
  <controlfield tag="003">BD-RjUL</controlfield>
  <controlfield tag="005">20211209083150.0</controlfield>
  <controlfield tag="008">211108s1904    ua ||||| |||| 00| 0 ara d</controlfield>
  <datafield tag="035" ind1=" " ind2=" ">
    <subfield code="a">(BD-RjUL)78938</subfield>
  </datafield>
  <datafield tag="040" ind1=" " ind2=" ">
    <subfield code="a">BD-RjUL</subfield>
    <subfield code="b">eng</subfield>
    <subfield code="c">BD-RjUL</subfield>
  </datafield>
  <datafield tag="041" ind1=" " ind2=" ">
    <subfield code="a">ara</subfield>
  </datafield>
  <datafield tag="082" ind1=" " ind2=" ">
    <subfield code="2">23</subfield>
    <subfield code="a">892.7808</subfield>
    <subfield code="b">QAT 1904</subfield>
  </datafield>
  <datafield tag="100" ind1="1" ind2="0">
    <subfield code="a">Qazwini,  Khatib Muhammad bin Abdul Rahman ;; &#x627;&#x644;&#x642;&#x632;&#x648;&#x64A;&#x646;&#x64A;, &#x627;&#x644;&#x62E;&#x637;&#x64A;&#x628; &#x645;&#x62D;&#x645;&#x62F; &#x628;&#x646; &#x639;&#x628;&#x62F;&#x627;&#x644;&#x631;&#x62D;&#x645;&#x646;</subfield>
    <subfield code="9">249661</subfield>
  </datafield>
  <datafield tag="245" ind1="1" ind2="4">
    <subfield code="a">&#x627;&#x644;&#x62A;&#x644;&#x62E;&#x64A;&#x635; &#x641;&#x64A; &#x639;&#x644;&#x648;&#x645; &#x627;&#x644;&#x628;&#x644;&#x627;&#x63A;&#x629; ;; altalkhis fi ulum albalagha /</subfield>
    <subfield code="c">&#x62C;&#x644;&#x627;&#x644; &#x627;&#x644;&#x62F;&#x64A;&#x646; &#x62C;&#x644;&#x627;&#x644; &#x627;&#x644;&#x62F;&#x64A;&#x646; &#x645;&#x62D;&#x645;&#x62F; &#x628;&#x646; &#x639;&#x628;&#x62F; &#x627;&#x644;&#x631;&#x62D;&#x645;&#x627;&#x646; &#x627;&#x644;&#x642;&#x632;&#x648;&#x64A;&#x646;&#x64A; &#x627;&#x644;&#x62E;&#x637;&#x64A;&#x628; ; &#x636;&#x628;&#x637; &#x648;&#x634;&#x631;&#x62D;&#x647; &#x639;&#x628;&#x62F; &#x627;&#x644;&#x631;&#x62D;&#x645;&#x627;&#x646; &#x627;&#x644;&#x628;&#x631;&#x642;&#x648;&#x642;&#x64A; &#x627;&#x644;&#x628;&#x631;&#x642;&#x648;&#x642;&#x64A;, &#x639;&#x628;&#x62F; &#x627;&#x644;&#x631;&#x62D;&#x645;&#x627;&#x646; ;; Jalal al-Din Jalal al-Din Muhammad ibn Abd al-Rahman al-Qazwini al-Khatib; Edited and explained by Abd al-Rahman al-Barquqi al-Barqouqi, Abd al-Rahman </subfield>
  </datafield>
  <datafield tag="260" ind1=" " ind2=" ">
    <subfield code="a">Misr :</subfield>
    <subfield code="b"> &#x627;&#x644;&#x645;&#x643;&#x62A;&#x628;&#x629; &#x627;&#x644;&#x62A;&#x62C;&#x627;&#x631;&#x64A;&#x629; &#x627;&#x644;&#x643;&#x628;&#x631;&#x649;  ;; ,almaktabat altijariat alkubraa,</subfield>
    <subfield code="c">1904</subfield>
  </datafield>
  <datafield tag="300" ind1=" " ind2=" ">
    <subfield code="a">439 p. ; </subfield>
    <subfield code="c">19 cm</subfield>
  </datafield>
  <datafield tag="650" ind1=" " ind2=" ">
    <subfield code="a">Arabic literature </subfield>
    <subfield code="v">Rhetoric.</subfield>
    <subfield code="9">249662</subfield>
  </datafield>
  <datafield tag="700" ind1=" " ind2=" ">
    <subfield code="a">-Barqouqi, Abd al-Rahman al-Barquqi </subfield>
    <subfield code="9">249665</subfield>
  </datafield>
  <datafield tag="942" ind1=" " ind2=" ">
    <subfield code="2">ddc</subfield>
    <subfield code="c">BK</subfield>
  </datafield>
  <datafield tag="999" ind1=" " ind2=" ">
    <subfield code="c">78712</subfield>
    <subfield code="d">78712</subfield>
  </datafield>
  <datafield tag="952" ind1=" " ind2=" ">
    <subfield code="0">0</subfield>
    <subfield code="1">0</subfield>
    <subfield code="2">ddc</subfield>
    <subfield code="4">0</subfield>
    <subfield code="7">1</subfield>
    <subfield code="8">NFIC</subfield>
    <subfield code="a">RUCL</subfield>
    <subfield code="b">RUCL</subfield>
    <subfield code="c">Reading</subfield>
    <subfield code="d">2021-11-08</subfield>
    <subfield code="e">Urdu lib, </subfield>
    <subfield code="g">12.00</subfield>
    <subfield code="o">A 892.7808 QAT 1904</subfield>
    <subfield code="r">2021-11-08 00:00:00</subfield>
    <subfield code="t">C-1</subfield>
    <subfield code="y">BK</subfield>
  </datafield>
  <datafield tag="952" ind1=" " ind2=" ">
    <subfield code="0">0</subfield>
    <subfield code="1">0</subfield>
    <subfield code="2">ddc</subfield>
    <subfield code="4">0</subfield>
    <subfield code="7">0</subfield>
    <subfield code="8">NFIC</subfield>
    <subfield code="a">RUCL</subfield>
    <subfield code="b">RUCL</subfield>
    <subfield code="c">GEN</subfield>
    <subfield code="d">1964-10-26</subfield>
    <subfield code="e">Urdu lib, </subfield>
    <subfield code="g">12.00</subfield>
    <subfield code="o">A 892.7808 QAT 1904</subfield>
    <subfield code="r">2021-12-18 00:00:00</subfield>
    <subfield code="t">C-2</subfield>
    <subfield code="y">BK</subfield>
  </datafield>
  <datafield tag="952" ind1=" " ind2=" ">
    <subfield code="0">0</subfield>
    <subfield code="1">0</subfield>
    <subfield code="2">ddc</subfield>
    <subfield code="4">0</subfield>
    <subfield code="7">0</subfield>
    <subfield code="8">NFIC</subfield>
    <subfield code="a">RUCL</subfield>
    <subfield code="b">RUCL</subfield>
    <subfield code="c">GEN</subfield>
    <subfield code="d">0000-00-00</subfield>
    <subfield code="e">Urdu lib, </subfield>
    <subfield code="g">12.00</subfield>
    <subfield code="o">A 892.7808 QAT 1904</subfield>
    <subfield code="r">2021-12-18 00:00:00</subfield>
    <subfield code="t">C-3</subfield>
    <subfield code="y">BK</subfield>
  </datafield>
</record>
